[Event "Unna op"]
[Site "Unna"]
[Date "2015.12.27"]
[Round "1"]
[White "Schulze, Marc Andre"]
[Black "Saage, Armin"]
[Result "1-0"]
[WhiteElo "2070"]
[BlackElo "1553"]
[PlyCount "49"]
[EventDate "2015.12.27"]
[EventType "swiss"]
[EventRounds "7"]
[EventCountry "GER"]
[SourceTitle "EXT 2018"]
[Source "ChessBase"]
[SourceDate "2017.10.13"]
[SourceVersion "1"]
[SourceVersionDate "2017.10.13"]
[SourceQuality "1"]

1. d4 Nf6 2. Bf4 c6 3. e3 e6 4. Nf3 d5 5. Bd3 Nbd7 6. Nbd2 h6 7. c3 g5 8. Bg3 Bg7 9. Qe2 Nh5 10. Bd6 Nb6 11. Ba3 Bf6 12. Ne5 Ng7 13. f4 Be7 14. Bxe7 Qxe7 15. fxg5 Nd7 16. gxh6 Rxh6 17. Ndf3 Nf6 18. 0-0-0 Bd7 19. Ng5 Ne4 20. Ngxf7 Rf6 21. Bxe4 dxe4 22. Rdf1 Nf5 23. Qh5 Rxf7 24. Nxf7 Qxf7 25. Qxf7+ 1-0